[Event "25th Klatovy B 2017"]
[Site "Klatovy CZE"]
[Date "2017.07.02"]
[Round "2.27"]
[White "Vavrinkova, Jitka"]
[Black "Parpel, Petr"]
[Result "0-1"]
[WhiteElo "1622"]
[BlackElo "1753"]
[PlyCount "76"]
[EventDate "2017.07.01"]
[EventType "swiss"]
[EventRounds "9"]
[EventCountry "CZE"]

1. e4 c5 2. Nf3 d6 3. c3 Nf6 4. e5 dxe5 5. Nxe5 a6 6. Bc4 e6 7. O-O Be7 8. d4 cxd4 9. cxd4 O-O 10. Nc3 b5 11. Bb3 Bb7 12. Bc2 Nc6 13. Be3 Nb4 14. Bb1 Rc8 15. a3 Nbd5 16. Ne2 Nxe3 17. fxe3 Nd5 18. Qd3 f5 19. e4 Nf6 20. exf5 Be4 21. Qh3 Bxb1 22. Raxb1 Rc2 23. Qd3 Rxe2 24. Qxe2 Qxd4+ 25. Kh1 Bd6 26. Nf3 Qb6 27. Qxe6+ Kh8 28. h3 Re8 29. Qb3 Ne4 30. Qf7 Ng3+ 31. Kh2 Nxf1+ 32. Kh1 Rf8 33. Qd7 Ng3+ 34. Kh2 Nxf5+ 35. Kh1 Ng3+ 36. Kh2 Rxf3 37. Rd1 Ne4+ 38. Kh1 Nf2+ 0-1

[Event "25th Klatovy B 2017"]
[Site "Klatovy CZE"]
[Date "2017.07.02"]
[Round "2.28"]
[White "Stanke, Petr"]
[Black "Sindelar, Jan"]
[Result "0-1"]
[WhiteElo "1380"]
[BlackElo "1494"]
[PlyCount "20"]
[EventDate "2017.07.01"]
[EventType "swiss"]
[EventRounds "9"]
[EventCountry "CZE"]

1. e4 c6 2. Nc3 a6 3. Nf3 d5 4. d4 Bg4 5. Be2 e6 6. Be3 Qb6 7. b3 Bb4 8. Qd2 Qa5 9. Rc1 Bxf3 10. gxf3 Bxc3 0-1

[Event "25th Klatovy B 2017"]
[Site "Klatovy CZE"]
[Date "2017.07.02"]
[Round "2.29"]
[White "Kovar, Petr2"]
[Black "Dolejs, Jakub"]
[Result "1-0"]
[WhiteElo "1990"]
[BlackElo "1348"]
[PlyCount "87"]
[EventDate "2017.07.01"]
[EventType "swiss"]
[EventRounds "9"]
[EventCountry "CZE"]

1. d4 d5 2. Bf4 e6 3. e3 Nf6 4. c3 Be7 5. h3 Nbd7 6. Nf3 O-O 7. Bd3 Re8 8. Nbd2 Nf8 9. O-O b6 10. Ne5 Bb7 11. Bb5 N6d7 12. Nc6 Qc8 13. Nxe7+ Rxe7 14. Re1 Ng6 15. Nf3 Nxf4 16. exf4 Ba6 17. Ba4 c6 18. Bc2 Qc7 19. g3 f6 20. Kg2 Rae8 21. Qd2 e5 22. f5 e4 23. Nh2 c5 24. dxc5 Qxc5 25. Ng4 Ne5 26. Nxe5 Rxe5 27. g4 Bb7 28. Re3 Rc8 29. Bb3 Kf8 30. Rd1 Rd8 31. Qd4 Qa5 32. Kg3 b5 33. f4 exf3 34. Rxe5 fxe5 35. Qxe5 b4 36. f6 gxf6 37. Qxf6+ Ke8 38. Qe6+ Kf8 39. Rd4 Qc7+ 40. Rf4+ Kg7 41. Qf6+ Kg8 42. c4 a6 43. cxd5 Bxd5 44. Bxd5+ 1-0

[Event "25th Klatovy B 2017"]
[Site "Klatovy CZE"]
[Date "2017.07.02"]
[Round "2.30"]
[White "Kaspar, Lukas"]
[Black "Kadlec, Rudolf"]
[Result "1-0"]
[WhiteElo "1841"]
[BlackElo "1420"]
[PlyCount "37"]
[EventDate "2017.07.01"]
[EventType "swiss"]
[EventRounds "9"]
[EventCountry "CZE"]

1. e4 d5 2. exd5 Nf6 3. d4 Nxd5 4. Nf3 c6 5. c4 Nb6 6. Be2 Bf5 7. Qb3 e6 8. c5 Nd5 9. Qxb7 Nc7 10. Ne5 Be4 11. O-O Bd5 12. Bf4 Nd7 13. Nxd7 Kxd7 14. Bxc7 Qc8 15. Qxc8+ Rxc8 16. Bg3 Be7 17. Nc3 Bf6 18. Nxd5 exd5 19. Bg4+ 1-0

[Event "25th Klatovy B 2017"]
[Site "Klatovy CZE"]
[Date "2017.07.02"]
[Round "2.31"]
[White "Berka, Lubos"]
[Black "Novotny, Jaromir"]
[Result "1-0"]
[WhiteElo "1822"]
[BlackElo "1394"]
[PlyCount "109"]
[EventDate "2017.07.01"]
[EventType "swiss"]
[EventRounds "9"]
[EventCountry "CZE"]

1. e4 c5 2. Nc3 g6 3. g3 Bg7 4. Bg2 Nc6 5. d3 a6 6. Be3 Nd4 7. Nge2 e6 8. O-O Ne7 9. Rb1 Nec6 10. a3 O-O 11. h3 Rb8 12. Qd2 d5 13. exd5 exd5 14. Kh2 Nxe2 15. Nxe2 d4 16. Bf4 Be5 17. Rbe1 Bxf4 18. Nxf4 Bd7 19. Re2 Qf6 20. Rfe1 Rfe8 21. Nd5 Qd6 22. Qg5 Kg7 23. Nf4 Kh8 24. Bd5 Rxe2 25. Rxe2 Qf8 26. Qf6+ Kg8 27. Qg5 Kh8 28. Bb3 Re8 29. Rxe8 Bxe8 30. Nd5 h6 31. Qf6+ Qg7 32. Qd6 Qe5 33. Qf6+ Kg8 34. Qxe5 Nxe5 35. f4 Nc6 36. Nf6+ Kf8 37. Bd5 Nd8 38. Kg2 Ba4 39. b3 Bb5 40. Kf3 h5 41. a4 Be8 42. Ke4 Ke7 43. Nxe8 Kxe8 44. Ke5 Ke7 45. Bf3 f6+ 46. Kd5 b6 47. a5 bxa5 48. Kxc5 h4 49. f5 gxf5 50. gxh4 Ne6+ 51. Kd5 Nf4+ 52. Kxd4 a4 53. bxa4 a5 54. c4 Kd6 55. Ke3 1-0

[Event "25th Klatovy B 2017"]
[Site "Klatovy CZE"]
[Date "2017.07.02"]
[Round "2.32"]
[White "Chmelik, Ladislav"]
[Black "Filip, Petr 1952"]
[Result "1-0"]
[WhiteElo "1787"]
[BlackElo "1372"]
[PlyCount "57"]
[EventDate "2017.07.01"]
[EventType "swiss"]
[EventRounds "9"]
[EventCountry "CZE"]

1. e4 e5 2. Nf3 Nf6 3. Nc3 c6 4. d4 Bb4 5. dxe5 Nxe4 6. Qd4 Bxc3+ 7. bxc3 d5 8. exd6 Nf6 9. Ba3 Nbd7 10. Qe3+ Kf8 11. Bc4 b6 12. O-O Ng4 13. Qf4 Ndf6 14. d7+ c5 15. dxc8=Q Rxc8 16. Rad1 Qe8 17. Rfe1 Qa4 18. Qd6+ Kg8 19. Bb3 Qd7 20. Qxd7 Nxd7 21. Rxd7 Nh6 22. Red1 g6 23. Rd8+ Kg7 24. Rxh8 Kxh8 25. Bc1 Nf5 26. Bxf7 Kg7 27. Be6 Rf8 28. Bxf5 Rxf5 29. Rd7+ 1-0

[Event "25th Klatovy B 2017"]
[Site "Klatovy CZE"]
[Date "2017.07.02"]
[Round "2.33"]
[White "Kovarova, Oxana"]
[Black "Veverkova, Dorota"]
[Result "1-0"]
[WhiteElo "1776"]
[BlackElo "1354"]
[PlyCount "71"]
[EventDate "2017.07.01"]
[EventType "swiss"]
[EventRounds "9"]
[EventCountry "CZE"]

1. e4 e5 2. Nf3 Nc6 3. Bc4 Nf6 4. d3 Bc5 5. c3 d5 6. exd5 Nxd5 7. O-O O-O 8. Bg5 f6 9. Bh4 Bg4 10. Nbd2 Re8 11. a4 g5 12. Bg3 a6 13. h3 Bf5 14. Ne4 Ba7 15. Bxd5+ Kg7 16. Bxc6 bxc6 17. Qc2 Bxe4 18. dxe4 Qd7 19. h4 g4 20. Nh2 h5 21. Kh1 Rad8 22. Rad1 Qe6 23. f3 Rf8 24. fxg4 hxg4 25. Rxd8 Rxd8 26. Qe2 Kf7 27. Nxg4 Ke7 28. Rxf6 Qd7 29. Rf7+ Kxf7 30. Nxe5+ Ke8 31. Qh5+ Kf8 32. Qh8+ Ke7 33. Qg7+ Ke8 34. Qg8+ Ke7 35. Qf7+ Kd6 36. Nxd7# 1-0

[Event "25th Klatovy B 2017"]
[Site "Klatovy CZE"]
[Date "2017.07.02"]
[Round "2.34"]
[White "Ostry, Michal"]
[Black "Stanke, Vilem"]
[Result "1-0"]
[WhiteElo "1774"]
[BlackElo "1334"]
[PlyCount "69"]
[EventDate "2017.07.01"]
[EventType "swiss"]
[EventRounds "9"]
[EventCountry "CZE"]

1. e4 e5 2. Nf3 Nc6 3. Bb5 a6 4. Ba4 Nf6 5. O-O b5 6. Bb3 Be7 7. Re1 O-O 8. c3 d5 9. exd5 Nxd5 10. Nxe5 Nxe5 11. Rxe5 c6 12. d4 Bd6 13. Re1 Qh4 14. g3 Qh3 15. Qf3 Be6 16. Nd2 Rae8 17. Qg2 Qh5 18. f3 Bh3 19. Qf2 Nf6 20. Ne4 Nxe4 21. fxe4 Kh8 22. Bf4 Bxf4 23. Qxf4 g5 24. Qf6+ Kg8 25. Re3 Be6 26. Bc2 Bd7 27. Rae1 Re6 28. Qf2 Qh6 29. e5 f6 30. Bb3 fxe5 31. Bxe6+ Bxe6 32. Qd2 Bd5 33. Rxe5 Qh3 34. Qe2 Bg2 35. Qxg2 1-0

[Event "25th Klatovy B 2017"]
[Site "Klatovy CZE"]
[Date "2017.07.02"]
[Round "2.35"]
[White "Zimmermann, Ladislav"]
[Black "Stanik, Michal"]
[Result "0-1"]
[WhiteElo "1291"]
[BlackElo "1770"]
[PlyCount "83"]
[EventDate "2017.07.01"]
[EventType "swiss"]
[EventRounds "9"]
[EventCountry "CZE"]

1. e4 e6 2. d4 d5 3. e5 c5 4. Nf3 cxd4 5. Nxd4 Nc6 6. Bb5 Bd7 7. Nxc6 bxc6 8. Ba4 Qa5+ 9. c3 Qa6 10. Bc2 c5 11. b3 Rc8 12. Nd2 c4 13. Qe2 Qa5 14. b4 Qc7 15. Nf3 a5 16. a3 f6 17. O-O fxe5 18. Qxe5 Nf6 19. Re1 Bd6 20. Qg5 O-O 21. Ne5 h6 22. Qg3 Ng4 23. Qxg4 Bxe5 24. Bxh6 Bxc3 25. Qg6 Bxa1 26. Rxa1 Qe5 27. Rc1 Qf6 28. Qh7+ Kf7 29. Bxg7 Qxg7 30. Bg6+ Kf6 31. Bc2 Qxh7 32. Bxh7 axb4 33. axb4 Rf7 34. Bc2 e5 35. f3 d4 36. Kf2 d3 37. Bb1 d2 38. Rg1 c3 39. Bc2 Bf5 40. Bb3 Rb7 41. Ke2 Rxb4 42. Bc2 0-1

[Event "25th Klatovy B 2017"]
[Site "Klatovy CZE"]
[Date "2017.07.02"]
[Round "2.36"]
[White "Vilimek, Vit"]
[Black "Skalny, Petr"]
[Result "1-0"]
[WhiteElo "1276"]
[BlackElo "1731"]
[PlyCount "70"]
[EventDate "2017.07.01"]
[EventType "swiss"]
[EventRounds "9"]
[EventCountry "CZE"]

1. e4 d5 2. exd5 Qxd5 3. Nc3 Qa5 4. d4 c6 5. Bc4 Nf6 6. Bd2 Qc7 7. Nf3 Bf5 8. h3 h6 9. O-O e6 10. Re1 Bd6 11. Ne5 O-O 12. Bf4 Re8 13. Qd2 Nd5 14. Be3 Nd7 15. Nxd7 Qxd7 16. Nxd5 cxd5 17. Bd3 Bxd3 18. Qxd3 Rac8 19. c3 b5 20. Rac1 Qb7 21. Rb1 Rc7 22. Rec1 Rec8 23. b3 Qa6 24. Rc2 Qa5 25. Rbc1 Ba3 26. b4 Qa4 27. Rb1 a5 28. bxa5 b4 29. Rb3 Rc4 30. Bd2 Qc6 31. Qg3 Kh7 32. Qd3+ Kh8 33. Qg3 Rxd4 34. Bxh6 Rg8 35. Be3 Rd3 1-0

[Event "25th Klatovy B 2017"]
[Site "Klatovy CZE"]
[Date "2017.07.02"]
[Round "2.37"]
[White "Ruzicka, Filip1"]
[Black "Nagyova, Daniela"]
[Result "1-0"]
[WhiteElo "1644"]
[BlackElo "1314"]
[PlyCount "119"]
[EventDate "2017.07.01"]
[EventType "swiss"]
[EventRounds "9"]
[EventCountry "CZE"]

1. e4 e5 2. Nf3 Nc6 3. d4 exd4 4. c3 d5 5. exd5 Qxd5 6. cxd4 Bg4 7. Be2 Bb4+ 8. Nc3 Bxf3 9. Bxf3 Qc4 10. Qb3 Qxb3 11. axb3 Nxd4 12. Bxb7 Nc2+ 13. Kd1 Nxa1 14. Bc6+ Kd8 15. Bxa8 Bxc3 16. bxc3 Nxb3 17. Be3 Nf6 18. Kc2 Kd7 19. Rd1+ Ke6 20. Bf3 Na5 21. g4 Nc4 22. g5 Nd7 23. Bg4+ f5 24. gxf6+ Kxf6 25. Rxd7 Na3+ 26. Kb3 Nb5 27. c4 Nd6 28. Bd4+ Kg5 29. Rxg7+ Kf4 30. c5 Rb8+ 31. Ka4 Nc4 32. Be6 Nb2+ 33. Bxb2 Rxb2 34. Rxc7 Ke4 35. Rxa7 Rb1 36. Ba2 Rb2 37. Bb3 Rxf2 38. c6 Rf8 39. c7 Ke5 40. Kb5 Kd6 41. Bd1 Rg8 42. h3 h5 43. Bxh5 Rc8 44. Kb6 Rg8 45. Bg4 Kd5 46. c8=Q Rxc8 47. Bxc8 Ke5 48. Rd7 Kf6 49. Kc5 Ke6 50. Rd5+ Ke7 51. Kd4 Kf6 52. Ke4 Kg6 53. Rf5 Kg7 54. Kf4 Kg6 55. Be6 Kg7 56. Kg5 Kh7 57. Rf7+ Kh8 58. Kg6 Kg8 59. Rf5+ Kh8 60. Rf8# 1-0

[Event "25th Klatovy B 2017"]
[Site "Klatovy CZE"]
[Date "2017.07.02"]
[Round "2.38"]
[White "Zilava, Anezka"]
[Black "Zimovcak, Zdenek"]
[Result "0-1"]
[WhiteElo "1246"]
[BlackElo "1664"]
[PlyCount "108"]
[EventDate "2017.07.01"]
[EventType "swiss"]
[EventRounds "9"]
[EventCountry "CZE"]

1. e4 e5 2. Nf3 Nc6 3. Bc4 h6 4. Nc3 d6 5. d3 Bg4 6. h3 Bh5 7. g4 Bg6 8. Be3 Na5 9. Qe2 Nxc4 10. dxc4 c6 11. O-O-O Qc7 12. Kb1 Be7 13. g5 hxg5 14. Bxg5 Bh5 15. Bxe7 Qxe7 16. Qe3 b6 17. Rd3 O-O-O 18. Rg1 Bg6 19. Rg3 Qe6 20. Nd2 Nf6 21. f4 exf4 22. Qxf4 Nh5 23. Rxg6 Nxf4 24. Rxe6 Nxe6 25. Rf3 f6 26. a3 Rh4 27. Ne2 Rdh8 28. Ng1 Ng5 29. Rg3 R8h7 30. Ndf3 Nxf3 31. Rxf3 Rxe4 32. Rf1 Kd7 33. b3 Rh8 34. Rd1 Rhe8 35. Nf3 Re2 36. a4 c5 37. Kb2 Rf2 38. Ng1 Re5 39. Ka3 Ref5 40. c3 Rh2 41. Rc1 Rff2 42. Ra1 Rh1 43. b4 cxb4+ 44. Kxb4 Rg2 45. Ne2 Rxa1 46. Nd4 Rb2+ 47. Nb3 a5+ 48. Kb5 Rxb3+ 49. Ka6 Rxa4 50. Ka7 Rxc4 51. Ka6 a4 52. h4 a3 53. h5 Kc7 54. h6 Ra4# 0-1

[Event "25th Klatovy B 2017"]
[Site "Klatovy CZE"]
[Date "2017.07.02"]
[Round "2.39"]
[White "Sedlacek, Pavel"]
[Black "Skalicky, Jindrich"]
[Result "1-0"]
[WhiteElo "1601"]
[BlackElo "1275"]
[PlyCount "41"]
[EventDate "2017.07.01"]
[EventType "swiss"]
[EventRounds "9"]
[EventCountry "CZE"]

1. c4 e5 2. Nc3 Nf6 3. d3 Be7 4. e4 d6 5. Be2 O-O 6. Nf3 Nc6 7. O-O Be6 8. a3 Qd7 9. Nd5 Nd4 10. Nxd4 exd4 11. f4 c6 12. Nxf6+ Bxf6 13. f5 Bxf5 14. Rxf5 Qc7 15. Qf1 Qe7 16. Qf3 a5 17. Bh6 Rfb8 18. Rf1 b5 19. Qg4 bxc4 20. Rxf6 Rxb2 21. Qxg7# 1-0

[Event "25th Klatovy B 2017"]
[Site "Klatovy CZE"]
[Date "2017.07.02"]
[Round "2.40"]
[White "Vavrinkova, Marie"]
[Black "Vasko, Pavel"]
[Result "0-1"]
[WhiteElo "1224"]
[BlackElo "1598"]
[PlyCount "80"]
[EventDate "2017.07.01"]
[EventType "swiss"]
[EventRounds "9"]
[EventCountry "CZE"]

1. e4 e5 2. Nf3 Nf6 3. Nxe5 d6 4. Nf3 Nxe4 5. d4 d5 6. Bd3 Bd6 7. O-O O-O 8. c4 c6 9. Re1 Nf6 10. Bg5 h6 11. Bh4 Be6 12. Ne5 g5 13. Bg3 dxc4 14. Nxc4 Bxg3 15. hxg3 Kg7 16. Qe2 Qxd4 17. Nc3 Qg4 18. Nd6 Qxe2 19. Rxe2 Rd8 20. Nf5+ Bxf5 21. Bxf5 Nbd7 22. Ne4 c5 23. Bxd7 Rxd7 24. Nxf6 Kxf6 25. Re3 Rd2 26. Rf3+ Kg6 27. b3 Re8 28. a4 Ree2 29. Kf1 f5 30. Re1 Rxe1+ 31. Kxe1 Ra2 32. Rd3 g4 33. Rd6+ Kg5 34. Rd3 a5 35. f4+ gxf3 36. gxf3 h5 37. f4+ Kg4 38. Kf1 h4 39. gxh4 Kxh4 40. Rd5 Kg4 0-1

[Event "25th Klatovy B 2017"]
[Site "Klatovy CZE"]
[Date "2017.07.02"]
[Round "2.41"]
[White "Svejdar, Pavel"]
[Black "Palla, Marek"]
[Result "1-0"]
[WhiteElo "1593"]
[BlackElo "1211"]
[PlyCount "47"]
[EventDate "2017.07.01"]
[EventType "swiss"]
[EventRounds "9"]
[EventCountry "CZE"]

1. e4 e6 2. Nf3 d5 3. exd5 exd5 4. d4 Nc6 5. Nc3 Nge7 6. Bb5 a6 7. Ba4 b5 8. Bb3 Bg4 9. a3 Bxf3 10. gxf3 g6 11. Be3 Bg7 12. Qd2 Nf5 13. Bxd5 Qd6 14. Bxc6+ Qxc6 15. d5 Bxc3 16. dxc6 Bxd2+ 17. Bxd2 Nd4 18. O-O-O O-O 19. Bb4 Rfd8 20. Be7 Ne2+ 21. Kb1 Rxd1+ 22. Rxd1 Re8 23. Bf6 Re6 24. Rd8+ 1-0

[Event "25th Klatovy B 2017"]
[Site "Klatovy CZE"]
[Date "2017.07.02"]
[Round "2.42"]
[White "Lang, Simon"]
[Black "Roskovec, Bedrich"]
[Result "0-1"]
[WhiteElo "1166"]
[BlackElo "1585"]
[PlyCount "98"]
[EventDate "2017.07.01"]
[EventType "swiss"]
[EventRounds "9"]
[EventCountry "CZE"]

1. e4 e6 2. d4 d5 3. exd5 exd5 4. Bd3 Bd6 5. Ne2 Ne7 6. Bf4 O-O 7. O-O Bg4 8. f3 Be6 9. c3 Bf5 10. Re1 c6 11. Qc2 Bxd3 12. Qxd3 Ng6 13. Bxd6 Qxd6 14. Ng3 Nd7 15. Nd2 Rae8 16. Nf5 Qf6 17. g3 h5 18. c4 Nb6 19. c5 Nc8 20. Nb3 Qg5 21. Na5 Nge7 22. Nd6 Nxd6 23. cxd6 Nf5 24. f4 Qf6 25. Nxb7 Nxd6 26. Nxd6 Qxd6 27. Re5 Rxe5 28. fxe5 Qb4 29. Rc1 Qxb2 30. Rxc6 Qxa2 31. Qc2 Qa1+ 32. Kg2 Qxd4 33. Rc7 Qxe5 34. Rxa7 Rb8 35. Rc7 g6 36. Rc8+ Rxc8 37. Qxc8+ Kg7 38. Qc5 Qe4+ 39. Kf2 d4 40. Qc1 h4 41. Qf4 hxg3+ 42. Qxg3 d3 43. Qc7 Qe2+ 44. Kg1 Qb2 45. Qd7 d2 46. Kf1 Qc1+ 47. Ke2 Qe1+ 48. Kf3 d1=Q+ 49. Qxd1 Qxd1+ 0-1

[Event "25th Klatovy B 2017"]
[Site "Klatovy CZE"]
[Date "2017.07.02"]
[Round "2.43"]
[White "Sedlak, Jakub"]
[Black "Bukvaj, Jan"]
[Result "1-0"]
[WhiteElo "1584"]
[BlackElo "1100"]
[PlyCount "31"]
[EventDate "2017.07.01"]
[EventType "swiss"]
[EventRounds "9"]
[EventCountry "CZE"]

1. e4 e5 2. Nf3 Nc6 3. d4 Nf6 4. Nc3 Bb4 5. Bg5 Bxc3+ 6. bxc3 exd4 7. cxd4 h6 8. Bxf6 Qxf6 9. Bc4 Qf4 10. O-O Qxe4 11. Re1 Qxe1+ 12. Qxe1+ Kf8 13. Qe3 d6 14. Re1 Bd7 15. Qf4 Rh7 16. Qxf7# 1-0

[Event "25th Klatovy B 2017"]
[Site "Klatovy CZE"]
[Date "2017.07.02"]
[Round "2.44"]
[White "Bukvaj, Martin"]
[Black "Kotal, Vit"]
[Result "0-1"]
[WhiteElo "1100"]
[BlackElo "1570"]
[PlyCount "70"]
[EventDate "2017.07.01"]
[EventType "swiss"]
[EventRounds "9"]
[EventCountry "CZE"]

1. e4 e5 2. Nf3 Nf6 3. Nxe5 Nc6 4. Nxc6 dxc6 5. Nc3 Bc5 6. Bc4 Ng4 7. d4 Bxd4 8. O-O Qh4 9. h3 Bxf2+ 10. Rxf2 Qxf2+ 11. Kh1 Nf6 12. Qf1 Qxf1+ 13. Bxf1 O-O 14. Bg5 Nh5 15. Be7 Re8 16. Ba3 Ng3+ 17. Kg1 Nxe4 18. Nxe4 Rxe4 19. c3 Be6 20. Rd1 Bxa2 21. Rd7 Rc8 22. Kh2 Be6 23. Rd4 Rxd4 24. cxd4 Rd8 25. Bc5 b6 26. Ba3 Rxd4 27. b4 Bc4 28. Bb2 Re4 29. Bxc4 Rxc4 30. g4 Rc2+ 31. Kg3 Rxb2 32. Kh4 Rb3 33. g5 Rxb4+ 34. Kh5 g6+ 35. Kh6 Rh4# 0-1

[Event "25th Klatovy B 2017"]
[Site "Klatovy CZE"]
[Date "2017.07.02"]
[Round "2.45"]
[White "Novy, Jan"]
[Black "Skrivan, Matej 2008"]
[Result "1-0"]
[WhiteElo "1570"]
[BlackElo "1100"]
[PlyCount "93"]
[EventDate "2017.07.01"]
[EventType "swiss"]
[EventRounds "9"]
[EventCountry "CZE"]

1. c4 c5 2. Nc3 e5 3. Nf3 Nc6 4. g3 Nf6 5. Bg2 g6 6. d3 Bg7 7. O-O O-O 8. e3 d6 9. Rb1 Bg4 10. a3 Bxf3 11. Bxf3 Na5 12. Qc2 Qd7 13. b4 cxb4 14. axb4 Nc6 15. Ba3 Qf5 16. Qe2 Rfe8 17. b5 Na5 18. Bxd6 Re6 19. Bc7 a6 20. Bxa5 axb5 21. Ra1 b4 22. Bxb4 Rxa1 23. Rxa1 Bh6 24. e4 Qh3 25. Bg2 Qh5 26. Qxh5 gxh5 27. h3 Nd7 28. Ra8+ Bf8 29. h4 Nb6 30. Rb8 Kg7 31. Rxf8 f6 32. Bh3 Rc6 33. Nb5 h6 34. Bf5 Nxc4 35. dxc4 Rxc4 36. Ba3 b6 37. Rg8+ Kxg8 38. Be6+ Kg7 39. Bxc4 f5 40. exf5 e4 41. Be2 e3 42. fxe3 Kh7 43. f6 Kg6 44. f7 Kh7 45. f8=N+ Kg7 46. Ne6+ Kh8 47. Bb2+ 1-0

[Event "25th Klatovy B 2017"]
[Site "Klatovy CZE"]
[Date "2017.07.02"]
[Round "2.46"]
[White "Vilasek, Martin"]
[Black "Kudrna, Miroslav"]
[Result "0-1"]
[WhiteElo "1100"]
[BlackElo "1496"]
[PlyCount "62"]
[EventDate "2017.07.01"]
[EventType "swiss"]
[EventRounds "9"]
[EventCountry "CZE"]

1. e4 e6 2. Nf3 d5 3. exd5 exd5 4. Be2 Bd6 5. O-O Nf6 6. Nc3 d4 7. Nb5 Nc6 8. Nxd6+ Qxd6 9. Bb5 O-O 10. d3 Re8 11. Bxc6 bxc6 12. c3 dxc3 13. bxc3 Ba6 14. Ne1 Rad8 15. Kh1 Bxd3 16. Nxd3 Qxd3 17. Qxd3 Rxd3 18. Bb2 Re2 19. Ba3 Ne4 20. Rab1 f6 21. Rb8+ Kf7 22. Rb7 Rdd2 23. Rxc7+ Kg6 24. f3 Nf2+ 25. Kg1 Nh3+ 26. Kh1 Rxg2 27. Bd6 Rdf2 28. Rc1 Ng5 29. Bg3 Nxf3 30. Rb7 Rxh2+ 31. Bxh2 Rxh2# 0-1

[Event "25th Klatovy B 2017"]
[Site "Klatovy CZE"]
[Date "2017.07.02"]
[Round "2.47"]
[White "Flajsman, Petr"]
[Black "Stegner, Mathias 2007"]
[Result "1-0"]
[WhiteElo "1557"]
[BlackElo "1100"]
[PlyCount "93"]
[EventDate "2017.07.01"]
[EventType "swiss"]
[EventRounds "9"]
[EventCountry "CZE"]

1. e4 e5 2. Nf3 Nf6 3. Nc3 Nc6 4. Bb5 Bc5 5. O-O O-O 6. Bxc6 bxc6 7. Nxe5 d5 8. exd5 cxd5 9. d4 Ba6 10. Re1 Bb4 11. Nc6 Qd7 12. Nxb4 Qf5 13. Nxa6 Rae8 14. Be3 Re6 15. Nxc7 Rd6 16. N7b5 Ng4 17. h3 Nxe3 18. Rxe3 Rf6 19. Rf3 Qg5 20. Rxf6 Qxf6 21. Nxd5 Qg5 22. Nbc3 Rd8 23. f4 Qg3 24. Qg4 Qxg4 25. hxg4 Rb8 26. Kf2 Rb7 27. b3 Rb8 28. Na4 Rb5 29. c4 Rb7 30. Nc5 Rb8 31. Re1 h6 32. Re7 Rd8 33. Rxa7 Re8 34. Re7 Ra8 35. a4 Rb8 36. b4 Kf8 37. Nd7+ Kg8 38. Nxb8 Kh7 39. Rxf7 Kg6 40. Rxg7+ Kxg7 41. a5 Kf7 42. a6 Ke6 43. a7 Kd6 44. a8=Q Ke6 45. f5+ Kf7 46. Qb7+ Ke8 47. Qe7# 1-0

[Event "25th Klatovy B 2017"]
[Site "Klatovy CZE"]
[Date "2017.07.02"]
[Round "2.48"]
[White "Palla, Ivan"]
[Black "Velkoborsky, Tadeas"]
[Result "1-0"]
[WhiteElo "1532"]
[BlackElo "1100"]
[PlyCount "107"]
[EventDate "2017.07.01"]
[EventType "swiss"]
[EventRounds "9"]
[EventCountry "CZE"]

1. Nf3 Nf6 2. g3 Nc6 3. Bg2 e5 4. d3 Bc5 5. O-O O-O 6. Nc3 d6 7. Na4 Bg4 8. Nxc5 dxc5 9. Be3 Qd6 10. h3 Bxf3 11. Bxf3 Rae8 12. Bg2 e4 13. Bf4 Qd4 14. Bxc7 exd3 15. e3 Qxb2 16. cxd3 Rc8 17. Bd6 Rfd8 18. Bxc5 b6 19. Bxc6 Rxc6 20. Bd4 Qb5 21. Qf3 Rcd6 22. Rfd1 Rc8 23. Rab1 Qg5 24. Qb7 Rcc6 25. Rdc1 Rxc1+ 26. Rxc1 h6 27. Qb8+ Kh7 28. Qxd6 Qg6 29. Bxf6 gxf6 30. d4 Kg7 31. Rc8 Qb1+ 32. Kh2 Qh7 33. Qf8+ Kg6 34. Qg8+ Qxg8 35. Rxg8+ Kh7 36. Ra8 a5 37. Rb8 b5 38. Rxb5 a4 39. Ra5 a3 40. Rxa3 Kg7 41. Rc3 Kg6 42. Rc5 h5 43. h4 Kh6 44. a4 f5 45. a5 f4 46. gxf4 f5 47. a6 Kg6 48. a7 Kf6 49. a8=Q Ke7 50. Qd5 Ke8 51. Qe6+ Kf8 52. Rc8+ Kg7 53. Rc7+ Kh8 54. Qc8# 1-0

[Event "25th Klatovy B 2017"]
[Site "Klatovy CZE"]
[Date "2017.07.02"]
[Round "2.49"]
[White "Bauer, Jan 2005"]
[Black "Valdman, Jakub"]
[Result "1-0"]
[WhiteElo "1432"]
[BlackElo "1070"]
[PlyCount "75"]
[EventDate "2017.07.01"]
[EventType "swiss"]
[EventRounds "9"]
[EventCountry "CZE"]

1. e4 e5 2. Nf3 Nc6 3. Bb5 d6 4. O-O Nf6 5. Re1 Bg4 6. c3 Be7 7. d4 O-O 8. Bxc6 bxc6 9. dxe5 dxe5 10. Qxd8 Raxd8 11. Nxe5 Bd7 12. Bg5 Be6 13. Nxc6 Rd7 14. Nxe7+ Rxe7 15. e5 Rd7 16. exf6 gxf6 17. Bxf6 Rd6 18. Be7 Rd7 19. Bxf8 Kxf8 20. Kf1 Bc4+ 21. Kg1 Kg7 22. Na3 Ba6 23. Rad1 Rxd1 24. Rxd1 Kf6 25. Rd7 Bb5 26. Nxb5 Ke6 27. Rxc7 Kf6 28. Rxa7 h5 29. a4 h4 30. a5 h3 31. a6 Ke6 32. Rc7 f5 33. a7 f4 34. a8=Q f3 35. Rc5 fxg2 36. Qa6+ Kd7 37. Rc7+ Kd8 38. Qa8# 1-0

[Event "25th Klatovy B 2017"]
[Site "Klatovy CZE"]
[Date "2017.07.02"]
[Round "2.50"]
[White "Velkoborsky, Jan"]
[Black "Flajsman, Zdenek"]
[Result "0-1"]
[WhiteElo "1075"]
[BlackElo "1529"]
[PlyCount "68"]
[EventDate "2017.07.01"]
[EventType "swiss"]
[EventRounds "9"]
[EventCountry "CZE"]

1. e4 c6 2. Nf3 d5 3. Nc3 Bg4 4. Be2 e6 5. O-O a6 6. h3 Bh5 7. d3 Nd7 8. Be3 e5 9. Qd2 d4 10. Bg5 f6 11. Bh4 dxc3 12. Qxc3 Bc5 13. d4 Bxf3 14. Bxf3 Bxd4 15. Qb3 Rb8 16. c3 Ba7 17. Bd1 Nc5 18. Qc4 Qd3 19. Qxd3 Nxd3 20. Bg4 Nh6 21. Rad1 Nxg4 22. hxg4 Rd8 23. Rd2 Nc5 24. Rxd8+ Kxd8 25. b4 Nxe4 26. Rd1+ Ke7 27. Rc1 g5 28. Bg3 Nxg3 29. Kh2 Ne4 30. f3 Nd6 31. Kg3 h5 32. gxh5 Rxh5 33. Kg4 Rh4+ 34. Kg3 Nf5# 0-1

[Event "25th Klatovy B 2017"]
[Site "Klatovy CZE"]
[Date "2017.07.02"]
[Round "2.51"]
[White "Krejbich, Lukas"]
[Black "Lukes, Martin 2001"]
[Result "0-1"]
[WhiteElo "1041"]
[BlackElo "1474"]
[PlyCount "72"]
[EventDate "2017.07.01"]
[EventType "swiss"]
[EventRounds "9"]
[EventCountry "CZE"]

1. e4 e5 2. Nf3 Nc6 3. Bc4 Bc5 4. O-O Nf6 5. d3 d6 6. Bg5 h6 7. Bd2 Bg4 8. Nc3 Nd4 9. Rc1 Nxf3+ 10. gxf3 Bh3 11. Re1 Nh5 12. Nd5 c6 13. Ne3 Nf4 14. Ng4 h5 15. Bxf4 exf4 16. Qd2 Qg5 17. Kh1 hxg4 18. Rg1 f6 19. d4 Bb6 20. b4 O-O-O 21. Be6+ Kb8 22. Bxg4 Bxg4 23. fxg4 Rh4 24. f3 Rdh8 25. Rg2 Rh3 26. Rf1 d5 27. e5 fxe5 28. dxe5 Qxe5 29. Re1 Be3 30. Qe2 Qc3 31. Rd1 Qxb4 32. g5 Qc5 33. g6 Rg3 34. a4 d4 35. Rb1 Qg5 36. Qa6 Rxh2+ 0-1

[Event "25th Klatovy B 2017"]
[Site "Klatovy CZE"]
[Date "2017.07.02"]
[Round "2.52"]
[White "Vavrinkova, Anna"]
[Black "Langova, Hana"]
[Result "1-0"]
[WhiteElo "1514"]
[BlackElo "1000"]
[PlyCount "61"]
[EventDate "2017.07.01"]
[EventType "swiss"]
[EventRounds "9"]
[EventCountry "CZE"]

1. e4 e5 2. Nf3 Nc6 3. Bb5 Bc5 4. O-O Nf6 5. d3 a6 6. Bxc6 dxc6 7. Nxe5 O-O 8. c3 Be6 9. Bg5 Bd6 10. Nf3 h6 11. Bh4 Re8 12. e5 Be7 13. exf6 gxf6 14. d4 Kh8 15. Qe2 Kh7 16. Bg3 Rg8 17. Qd3+ f5 18. Re1 Rg6 19. Nbd2 Bd5 20. Qxf5 Qg8 21. Rxe7 Qg7 22. Ne5 Be6 23. Qd3 Bf5 24. Qxf5 Qf6 25. Rxf7+ Kg8 26. Rxf6 Rxf6 27. Qxf6 Rf8 28. Qg6+ Kh8 29. Nf7+ Rxf7 30. Be5+ Rg7 31. Qxg7# 1-0